| Поле | Инд. | ПП | Название | Значение |
|---|---|---|---|---|
| Тип записи | a | |||
| Библиографический уровень | m | |||
| 001 | Контрольный номер | 314a6b9f-0eb9-479f-83db-e7590543fe55 | ||
| 005 | Дата корректировки | 20200831151013.2 | ||
| 008 | Кодируемые данные | 000118 d | ||
| 020 | c | Цена, тираж | 1305.00 | |
| 080 | a | Индекс УДК | 808.2(470)(072)(082) | |
| 084 | a | Индекс другой классификации/Индекс ББК | Ш141.12-9я431 | |
| 090 | x | Авторский знак | В 49 | |
| a | Полочн. индекс | Ш141.12 | ||
| 100 | 1_ | a | Автор | Виноградов Виктор Владимирович |
| e | Роль лиц | Автор | ||
| 245 | 00 | a | Заглавие | Изучение русского литературного языка за последнее десятилетие в СССР |
| c | Ответственность | В. В. Виноградов | ||
| 260 | 0_ | a | Место издания | Москва |
| b | Издательство | АН СССР | ||
| c | Дата издания | 1955 | ||
| 300 | a | Объем | 90, [1] с. | |
| 504 | a | Библиография | Библиогр. в подстроч. примеч. | |
| 583 | k | Исполнитель действия | Уханов Г.П. | |
| 653 | 0_ | a | Ключевые слова | Русский язык в СССР |
| a | Ключевые слова | Изучение русского языка в СССР | ||
| a | Ключевые слова | История изучения русского языка | ||
| a | Ключевые слова | 20 в. | ||
| a | Ключевые слова | СССР | ||
| a | Ключевые слова | Сборники | ||
| 852 | 41 | t | Порядковый номер экземпляра | 1 |
| 901 | t | Тип документа | m | |
| 920 | a | Оператор | Иван | |
| a | Оператор | Суха | ||
| 930 | a | Новая/Ретро | ретро | |
| 952 | c | Вид литературы | К р | |
| 954 | a | Дата поступления на обработку | 20200311 | |
| 954 | a | Дата поступления на обработку | 20200831 |